00720nam a2200229Ia 4500003000400000005001700004008004100021040000700062041000800069082001700077100002400094245005000118250000600168260004200174365001300216650001900229650001900248906005300267942001200320999001900332952013900351OSt20230525104735.0210423s2002 xx 000 0 und d cAL aeng a003 KAPO223 aKAPOOR (V K)975772 aOperation Research: techniques for management a7 aNew DelhibSultan Chand & Sonsc2002 b225cINR aGeneral975773 aSystems975774 amanagement. ; Operation ; Research: ; techniques 2ddccBK c173422d173422 001040708MSWaSACPGbSACPGd2021-04-26eIntel Book Distributersg225.00l0o003 KAPOpPG020017r2022-08-24 00:00:00w2021-04-26yBK